| 000 | 01454nam a2200361 i 4500 | ||
|---|---|---|---|
| 001 | 53668 | ||
| 003 | Mx-PuUPA | ||
| 005 | 20250613123018.0 | ||
| 008 | 140415s2022 mx a gr 001 0 spa d | ||
| 020 | _a9786073822671 | ||
| 040 |
_aMx-PuUPA _bspa _cMx-PuUPA _dMx-PuUPA _erda |
||
| 041 | 1 |
_aspa _heng |
|
| 100 | 1 |
_aNorwood, Robin, _eautor _92949 |
|
| 240 | 1 | 0 |
_aWomen who love too much. _lEspañol |
| 245 | 1 | 4 |
_aLas mujeres que aman demasiado/ _cRobin Norwood ; traducción, Nora Escoms |
| 264 | 1 |
_aCiudad de México : _bB de Bolsillo, _c2022 |
|
| 300 |
_a326 páginas : _bilustraciones ; _c23 cm |
||
| 336 |
_2rdacontent _atexto _btxt |
||
| 337 |
_2rdamedia _asin medio _bn |
||
| 338 |
_2rdacarrier _avolumen _bnc |
||
| 500 | _aReimpresiones: (primera reimpresión, febrero, 2023 ; segunda reimpresión, marzo, 2023 , tercera reimpresión, mayo, 2023 ; cuarta reimpresión, julio, 2023) | ||
| 650 | 7 |
_2armarc _aAmor _xAspectos psicológicos |
|
| 650 | 7 |
_2armarc _aAdicción a las relaciones _xTratamiento |
|
| 650 | 7 |
_2armarc _aPsicología de la mujer |
|
| 650 | 7 |
_2armarc _aMujeres _xSalud mental |
|
| 650 | 7 |
_2armarc _aPsicoterapia de grupo |
|
| 700 | 1 |
_aEscoms, Nora, _etraductor |
|
| 765 | 1 |
_aNorwood, Robin _tWomen who love too much |
|
| 942 |
_2ddc _cLI _h155.333 _iN8218 |
||
| 999 |
_c53668 _d53668 |
||